000 00619nam a22002052 4500
001 0000003606
005 20151217145738.0
008 070510s xx 000 0 eng d
020 _a0072959541 :
_cKES 500
040 _aKABU
_cKABU
050 0 _aLB2343.3
_b.F45 2004
100 1 _aFeldman, Robert S.
_@0000153639
245 1 0 _aPower learning :
_bstrategies for success in college life.
260 _aBoston :
_bMcGraw-Hill,
_c2004.
300 _axxxv, 420 p.
650 0 _aCollege student orientation.
_@0000071833
908 _a070510
950 _@1
999 _c2180
_d2180